000 00279nam a2200121Ia 4500
008 190216s9999||||xx |||||||||||||| ||und||
100 _aHarikumar
245 0 _aSookshichuvecha Mayilpeeli
260 _bPoorna Pubs Kozhikode
300 _a131
650 _aKathakal
942 _cBK
999 _c27603
_d27603